01183njm a2200265Ia 4500001000600000003000900006005001700015008004100032040001300073040001300086100001100099100001800110100003800128245007900166250001100245260001100256260004100267300001700308300003000325500012800355505028000483511004700763650005200810700005500862L1986IT-RoPAU20220918181156.0131025s9999 xx 000 0 und d aIT-RoPAU cIT-RoPAU aAA.VV. eAutore musica gCodice autore musica SPICS: 12000 aGeorge Cables, Piero Odorici, Essiet Essiet, Victor Lewis: Live in Bollate a1a ed. aMILANO bHACHETTE RUSCONIc2006 [1a Ed.:2005] aCOMPACT DISC c75 minuti (Testo: 0 pag.) aMusica jazz. Registrato dal vivo su due tracce il 22 marzo 2005 all'Auditorium Don Bosco di Cascina del Sole, Bollate (Mi). aLooking For the Light (G. Cales, 10:00) - Helen's Song (Cales, 12:15) - Senorita De Aranjuez (Cables, 10:10) - Mr Baggy Pants (Cables, 12:05) - Yo todavia la quiero (J. Henderson, 11:04) - 'Round Midnight (T. Monk, B. Hanighen, C. Williams, 7:43) - I Mean You (Monk, 11:17).  aG. Cables, E. Essiet, V. Lewis, P. Odorici aJAZZ [COMPACT DISC]eCodice MATERIA SPICS: 9949 aAA.VV.gCodice interprete SPICS: 12000eInterprete